00468nam a22001577a 4500010001500000020002600015035001400041037001300055082001100068100001600079245006600095260004200161270008400203300002000287700000300307 aENG-138305 a9789390649457c595.00 aEN-121837 bDBAD/PUB a613.25 aKumar,Pawan aAssessment & Management of obesity/c by Pawan kumarhEnglish adarya ganjbfriends publicationc2022 a101,4787/23, Ansari RoadbNew Delhie110002mfriendspublicationsindia@gmail.com a143p.b22cm(hb)